<?xml version="1.0" encoding="UTF-8"?>
<record
    xmlns:xsi="http://www.w3.org/2001/XMLSchema-instance"
    xsi:schemaLocation="http://www.loc.gov/MARC21/slim http://www.loc.gov/standards/marcxml/schema/MARC21slim.xsd"
    xmlns="http://www.loc.gov/MARC21/slim">

  <leader>03950cam a22004454i 4500</leader>
  <controlfield tag="003">PE-LiUPU</controlfield>
  <controlfield tag="005">20250731165407.0</controlfield>
  <controlfield tag="008">151014s2014    pe a   grm    000 0 spa d</controlfield>
  <datafield tag="035" ind1=" " ind2=" ">
    <subfield code="a">(Sirsi) a154863</subfield>
  </datafield>
  <datafield tag="040" ind1=" " ind2=" ">
    <subfield code="a">PE-LiUPU</subfield>
    <subfield code="b">spa</subfield>
    <subfield code="c">PE-LiUPU</subfield>
    <subfield code="e">rda</subfield>
  </datafield>
  <datafield tag="099" ind1=" " ind2=" ">
    <subfield code="a">TF 3</subfield>
    <subfield code="b">P91 2014</subfield>
  </datafield>
  <datafield tag="100" ind1="1" ind2=" ">
    <subfield code="a">Puente Gu&#xE9;dez Katty Esther</subfield>
    <subfield code="e">autor</subfield>
  </datafield>
  <datafield tag="245" ind1="1" ind2=" ">
    <subfield code="a">Funcionamiento familiar y actitudes ante situaciones de agravio en estudiantes del nivel secundario de la Instituci&#xF3;n Educativa Adventista "Espa&#xF1;a" Lima, 2014 /</subfield>
    <subfield code="c">Katty Esther Puente Gu&#xE9;dez.</subfield>
  </datafield>
  <datafield tag="264" ind1=" " ind2="0">
    <subfield code="c">2014.</subfield>
  </datafield>
  <datafield tag="300" ind1=" " ind2=" ">
    <subfield code="a">193 hojas : </subfield>
    <subfield code="b">ilustraciones;</subfield>
    <subfield code="c">30 cm</subfield>
  </datafield>
  <datafield tag="336" ind1=" " ind2=" ">
    <subfield code="a">text</subfield>
    <subfield code="2">rdacontent</subfield>
  </datafield>
  <datafield tag="337" ind1=" " ind2=" ">
    <subfield code="a">unmediated</subfield>
    <subfield code="2">rdamedia</subfield>
  </datafield>
  <datafield tag="338" ind1=" " ind2=" ">
    <subfield code="a">volume</subfield>
    <subfield code="2">rdacarrier</subfield>
  </datafield>
  <datafield tag="502" ind1=" " ind2=" ">
    <subfield code="a">Tesis</subfield>
    <subfield code="b">(Mg.) -- </subfield>
    <subfield code="c">Universidad Peruana Uni&#xF3;n,</subfield>
    <subfield code="d">2014.</subfield>
  </datafield>
  <datafield tag="504" ind1=" " ind2=" ">
    <subfield code="a">Incluye referencias</subfield>
  </datafield>
  <datafield tag="520" ind1="3" ind2=" ">
    <subfield code="a">La familia, la primera y principal instituci&#xF3;n que promueve y facilita la socializaci&#xF3;n del ser humano, por eso un adecuado funcionamiento familiar permitir&#xE1; a sus integrantes una adecuada comunicaci&#xF3;n de manera que pueda planificar y demostrar capacidad para llegar a acuerdos y resolver los problemas que se manifiestan en la vida cotidiana (Ponzetty y Long, 1989). El objetivo de este estudio fue determinar la relaci&#xF3;n de dependencia entre el funcionamiento familiar y las actitudes ante situaciones de agravio en estudiantes del nivel secundario de la Instituci&#xF3;n Educativa Adventista "Espa&#xF1;a", 2014. El presente trabajo es un estudio emp&#xED;rico de car&#xE1;cter observacional que pretende medir el grado de dependencia entre las dos variables de estudio; as&#xED; mismo, el dise&#xF1;o de la investigaci&#xF3;n es de corte transversal y se mide la covariaci&#xF3;n existente entre las variables estudiadas. La muestra estuvo conformada por 152 adolescentes, hombres y mujeres. Los instrumentos de medici&#xF3;n utilizados en esta investigaci&#xF3;n fueron, el Family Adaptability and Cohesi&#xF3;n Evaluation Scales (FACES III, Olsony cols. 1985) el cual fue estructurado considerando las dimensiones: cohesi&#xF3;n familiar (lazos emocionales, l&#xED;mites familiares, intereses comunes y recreaci&#xF3;n, coaliciones tiempo y amigos) y adaptabilidad familiar (liderazgo, control, disciplina, roles y reglas de relaci&#xF3;n); y el Cuestionario de Actitudes ante situaciones de Agravio (Moreno y Pereyra,2004), la cual fue trabajada y estudiada en sus dimensiones: actitud pasiva (sometimiento, negaci&#xF3;n), actitud agresiva (hostilidad, resentimiento y venganza) y actitud prosocial (explicaci&#xF3;n y perd&#xF3;n/reconciliaci&#xF3;n). Adem&#xE1;s en el instrumento se consideraron las variables sociodemogr&#xE1;ficas (grado y secci&#xF3;n, edad, estado civil de los padres). Para la prueba de la hip&#xF3;tesis se recurri&#xF3; a la Chi Cuadrado, utilizada en el contexto de las variables cualitativas, para establecer la existencia de dependencia o independencia entre las variables. Los resultados obtenidos arrojan que, de manera general, no existe dependencia entre el funcionamiento familiar y las actitudes ante situaciones de agravio; mientras que, de manera espec&#xED;fica, las actitudes pasiva y agresiva ante situaciones de agravio no depende de la cohesi&#xF3;n familiar, en cambio la actitud prosocial si depende de la cohesi&#xF3;n familiar. Asimismo, tanto las actitudes agresiva y prosocial no dependen de la adaptabilidad familiar, mientras que la actitud pasiva si depende de la adaptabilidad familiar.</subfield>
  </datafield>
  <datafield tag="526" ind1=" " ind2=" ">
    <subfield code="a">SEG44</subfield>
  </datafield>
  <datafield tag="526" ind1=" " ind2=" ">
    <subfield code="a">SEG26</subfield>
  </datafield>
  <datafield tag="526" ind1=" " ind2=" ">
    <subfield code="a">P151</subfield>
  </datafield>
  <datafield tag="526" ind1=" " ind2=" ">
    <subfield code="a">P150</subfield>
  </datafield>
  <datafield tag="526" ind1=" " ind2=" ">
    <subfield code="a">P149</subfield>
  </datafield>
  <datafield tag="526" ind1=" " ind2=" ">
    <subfield code="a">P146</subfield>
  </datafield>
  <datafield tag="526" ind1=" " ind2=" ">
    <subfield code="a">P145</subfield>
  </datafield>
  <datafield tag="526" ind1=" " ind2=" ">
    <subfield code="a">P126</subfield>
  </datafield>
  <datafield tag="526" ind1=" " ind2=" ">
    <subfield code="a">P125</subfield>
  </datafield>
  <datafield tag="526" ind1=" " ind2=" ">
    <subfield code="a">P92</subfield>
  </datafield>
  <datafield tag="526" ind1=" " ind2=" ">
    <subfield code="a">P75</subfield>
  </datafield>
  <datafield tag="526" ind1=" " ind2=" ">
    <subfield code="a">P74</subfield>
  </datafield>
  <datafield tag="526" ind1=" " ind2=" ">
    <subfield code="a">P27</subfield>
  </datafield>
  <datafield tag="526" ind1=" " ind2=" ">
    <subfield code="a">P15</subfield>
  </datafield>
  <datafield tag="650" ind1="0" ind2="4">
    <subfield code="a">Educaci&#xF3;n secundaria</subfield>
    <subfield code="x">Relaciones familiares</subfield>
    <subfield code="x">Conducta.</subfield>
  </datafield>
  <datafield tag="596" ind1=" " ind2=" ">
    <subfield code="a">1</subfield>
  </datafield>
  <datafield tag="942" ind1=" " ind2=" ">
    <subfield code="2">ddc</subfield>
    <subfield code="c">TESIS</subfield>
  </datafield>
  <datafield tag="999" ind1=" " ind2=" ">
    <subfield code="a">TF 3 P91 2014</subfield>
    <subfield code="w">ALPHANUM</subfield>
    <subfield code="c">7556</subfield>
    <subfield code="i">T01598</subfield>
    <subfield code="d">7556</subfield>
    <subfield code="l">CCODEBUL3</subfield>
    <subfield code="m">BUL</subfield>
    <subfield code="q">1</subfield>
    <subfield code="r">1</subfield>
    <subfield code="s">Y</subfield>
    <subfield code="t">TESIS</subfield>
    <subfield code="u">2015-10-14</subfield>
    <subfield code="x">POSGRADO</subfield>
    <subfield code="P">P54</subfield>
    <subfield code="o">.STAFF. Tesis</subfield>
  </datafield>
  <datafield tag="980" ind1=" " ind2=" ">
    <subfield code="8">1</subfield>
    <subfield code="g">ALBERTO SANCHEZ Responsable de Automatizaci&#xF3;n</subfield>
  </datafield>
  <datafield tag="952" ind1=" " ind2=" ">
    <subfield code="r">2023-05-23 00:00:00</subfield>
    <subfield code="l">0</subfield>
    <subfield code="o">TF 3 P91 2014</subfield>
    <subfield code="p">T01598</subfield>
    <subfield code="t">e1</subfield>
    <subfield code="w">2015-10-14</subfield>
    <subfield code="x">PG</subfield>
    <subfield code="y">TESIS</subfield>
    <subfield code="z">Este &#xCD;tem NO se presta por ser Ejemplar #1.</subfield>
    <subfield code="1">0</subfield>
    <subfield code="2">ddc</subfield>
    <subfield code="7">1</subfield>
    <subfield code="8">TESIS</subfield>
    <subfield code="f">P54</subfield>
    <subfield code="a">BUL</subfield>
    <subfield code="b">BUL</subfield>
    <subfield code="c">TESIS</subfield>
    <subfield code="d">2015-10-14</subfield>
  </datafield>
</record>
